LEADER 01130nam0-2200349---450- 001 990009781820403321 005 20160920123816.0 035 $a000978182 035 $aFED01000978182 035 $a(Aleph)000978182FED01 035 $a000978182 100 $a20131029d1937----km-y0itay50------ba 101 0 $aita 102 $aIT 105 $aabf-c---001yy 200 1 $aFirenze e dintorni$f[a cura di] L. V. Bertarelli 205 $a3. ed. di 10.000 esemplari 210 $aMilano$cTouring Club Italiano$d1937 215 $a452p., [16] c. di tav. alcune ripieg.$cill. : c. geogr.$d16 cm 225 1 $aGuida d'Italia$v8 300 $aSul front.: con 3 carte geografiche, 2 piante di Cittą, 22 piante di edifici e di antichitą e 10 stemmi 300 $aIn testa al front.: Guida d'Italia del Touring Club Italiano 610 0 $aFirenze$aGuide 676 $a914.5 702 1$aBertarelli,$bLuigi Vittorio$f<1859-1926> 712 02$aTouring club italiano 801 0$aIT$bUNINA$gRICA$2UNIMARC 901 $aBK 912 $a990009781820403321 952 $aN CONS A 58$b17388$fFARBC 959 $aFARBC 997 $aUNINA